Utjecaj tehnologije na proizvodnost i efikasnost organizacije. Vrijeme kao faktor razvitka
Rôzne formy vlastníctva vo vyspelých štátoch vytvárajú základnú podmienku rýchleho rozvoja techniky v podniku - údaje, prehľady z USA, Japonska, SRN, Francúzska a V. Británie. Závislosť efektívnosti na dobe uplatnenia novej techniky vo výrobnom procese. Význam prípravného obdobia a využívanie nových...
Gespeichert in:
| 1. Verfasser: | |
|---|---|
| Format: | Buchkapitel |
| Sprache: | Slowenisch |
| Schlagworte: | |
| Tags: |
Keine Tags, Fügen Sie das erste Tag hinzu!
|
MARC
| LEADER | 00000naa a2200000 4500 | ||
|---|---|---|---|
| 001 | r002188 | ||
| 005 | 20220819194830.8 | ||
| 041 | 0 | |a slv | |
| 044 | |a YU | ||
| 245 | 1 | 0 | |a Utjecaj tehnologije na proizvodnost i efikasnost organizacije. Vrijeme kao faktor razvitka |c M. Boljevič |
| 520 | |a Rôzne formy vlastníctva vo vyspelých štátoch vytvárajú základnú podmienku rýchleho rozvoja techniky v podniku - údaje, prehľady z USA, Japonska, SRN, Francúzska a V. Británie. Závislosť efektívnosti na dobe uplatnenia novej techniky vo výrobnom procese. Význam prípravného obdobia a využívanie nových marketingových štruktúr v podniku. | ||
| 610 | 2 | 0 | |a rozvoj technický |
| 610 | 2 | 0 | |a technika nová |
| 610 | 2 | 0 | |a technológie nové |
| 610 | 2 | 0 | |a marketing |
| 610 | 2 | 0 | |a faktor času |
| 610 | 2 | 0 | |a podnik |
| 610 | 2 | 0 | |a efektívnosť rozvoja technického |
| 610 | 2 | 0 | |a porovnanie štatistické medzinárodné |
| 100 | 1 | |a Boljevič, M. | |